| 000 | 00343nam a22001457a 4500 | ||
|---|---|---|---|
| 020 | _qPB. | ||
| 040 | _cFIZZA ISHAQ | ||
| 082 |
_a530.076 _bFAU |
||
| 100 |
_aSERWAY,FAUGHN. _9130761 |
||
| 245 |
_aCOLLAGE PHYSICS / _cSERWAY FAUGHN. |
||
| 250 | _a5TH ED. | ||
| 260 |
_aUSA ; _bEMILY BARROSSE. _c1985. |
||
| 300 | _a1029 P. ; | ||
| 942 |
_2ddc _cBK |
||
| 999 |
_c614940 _d614940 |
||